Представление документа в формате RUSMARC

ПолеНазваниеЗначение
  Тип записи a
  Библиографический уровень a
001 Контрольный номер RU/CBS_UL/BASE/710334352
005 Дата корректировки 20240209175326.8
100 Данные общей обработки __
a Данные общей обработки 20220705d2022 ||| 0rusy0189 ca
101 Язык документа 0_
a Язык текста rus
102 Страна публикации __
a Страна публикации RU
105 Кодированные данные (монография) __
a Кодированные данные (монография) y###||||000|y
181 Поле кодированных данных: вид содержания _1
a Код вида содержания (ISBD) i#
b Код характеристики содержания (ISBD) #xxe##
d i
g x
h x
i e
182 Поле кодированных данных: тип средства _1
a Код типа средства (ISBD) n
2 Код системы (источник кода, отличный от ISBD) isbdmedia
200 Заглавие и сведения об ответственности 1_
a Заглавие Сила слова
b Общее обозначение материала Текст
e Сведения, относящиеся к заглавию [как дар убеждения лидера британской нации стал главным оружием во время войны]
f Первые сведения об ответственности И. Кабанов
w Текст (визуальный) : непосредственный
203 Вид содержания и тип средства __
a Вид содержания Текст
b Характеристика содержания визуальный
c Тип средства непосредственный
333 Примечание о целевом назначении __
a Примечание о целевом назначении 16+
461 Уровень набора _0
1 2000
a Дилетант
463 Уровень физической единицы _0
1 001RU/CBS_UL/BASE/710327802
1 2000
a № 77(май)
v С. 80-81 : фот.
1 210
d 2022
600 Персоналии _0
a Персоналии (Фамилия) Георг VI
606 Тематические рубрики 0_
a Основная рубрика Георг VI — король Соединённого Королевства Великобритании и Северной Ирландии и доминионов Британского содружества (1936-1952 гг.)
y Географическая подрубрика Великобритания
z Хронологическая подрубрика 20 в.
610 Ключевые слова 0_
a Ключевые слова короли
610 Ключевые слова 0_
a Ключевые слова история зарубежных стран
610 Ключевые слова 0_
a Ключевые слова монархии
610 Ключевые слова 0_
a Ключевые слова фильмы
610 Ключевые слова 0_
a Ключевые слова Король говорит (фильм)
610 Ключевые слова 0_
a Ключевые слова кино
686 Индексы других классификаций __
a Классификационный индекс 63.3(4Вел)
2 Код системы rubbk
700 Автор _1
a Фамилия Кабанов
b Имя (инициалы) И.
801 Источник записи _0
a Страна RU
b Организация МБУК ЦБС г. Ульяновска
c Дата составления 20220705
g Правила каталогизации RCR
801 Источник записи _1
a Страна RU
b Организация МБУК ЦБС г. Ульяновска
c Дата составления 20220705
g Правила каталогизации RCR
901 Тип документа __
t Тип документа b
w Контрольный № источника RU/CBS_UL/BASE/710327802
910 Корректоры записи __
a Корректор записи Библиотека 15
938 Служебная информация __
a Имя БД period